K úvahám o príčinách kriminality

Bibliographic Details
Main Author: Buchta, Jozef (Author)
Format: Article
Language:Slovak

MARC

LEADER 00000nab a2200000uu 4500
001 vtls011486882
003 SK-MaSNL
005 20260303160157.0
008 230222|1966 xo |||||||||||||||||slo|
015 |a SNBRB 
035 |a (urnnbn)urn:nbn:sk:snk:ar-007afr 
035 |a (uuid)30cbd140-97d5-498d-a0e0-48316d70fcff 
035 |a urn:nbn:sk:snk-abdcwu 
040 |a SNKBUCL  |b slo  |c SNKBUCL  |e AACR2 
041 0 |a slo 
044 |a xo  |c SK 
100 1 |a Buchta, Jozef  |4 aut  |9 574848 
245 1 0 |a K úvahám o príčinách kriminality  |c Jozef Buchta 
773 0 |t Socialistické súdnictvo : časopis pre právnu prax  |g Roč. 18, č. 5 (1966), s. 134-136 
954 |a odborná, vedecká literatúra pôvodná (slovenská)  |2 lita 
958 |a OND 
958 |a EUIPO 
958 |a article18 
999 |c 2044914  |d 2046844